000 00544nam a22001937a 4500
003 NUST
005 20240307102043.0
008 240307b ||||| |||| 00| 0 eng d
020 _a9781119717669
082 _a724.7
_bMUL
245 0 0 _aMultiform:
_bArchitecture in an Age of Transition/
260 _aBedford:
_bWiley;
_c2021.
300 _a136p.:
_bill;
440 1 _aArchitectural design
_vv. 91, no. 01
_933235
650 0 _2Architectural design
700 1 _aHopkins,Owen
_9121953
700 1 _aMckeller,Erin
_9121954
942 _2ddc
_cBK
999 _c608594
_d608594